000 00430nam a2200181Ia 4500
001 9221
005 20260306160707.0
008 260306t1998||||xx |||||||||||||| ||spa||
041 _aESP
082 _a376.5
_bO74
100 _aOrtiz Caballero, René
_eAUT
245 0 _aUniversidad y modernización en el Perú del siglo XX
260 _c1998
300 _a
_c
650 _aGEN
654 _aCED
942 _cLIB
_dJUS
_fJUS
_2ddc
_n
999 _c9221
_d9221